| 000 | 00776cab a2200265 4500 | ||
|---|---|---|---|
| 001 | ABS60240 | ||
| 008 | 090401t1998 xxu||||| |||| 00| 0 eng d | ||
| 035 | _a(Sirsi) u91560 | ||
| 041 | _aeng | ||
| 245 | _aAlternative land use | ||
| 260 | _c1998 | ||
| 350 | _a0 | ||
| 490 |
_aFarm Development Review _v13(2) December 1998, 8 pages (LOAN) |
||
| 520 | _aIncludes articles on diversification in Scotland, golf driving ranges, the biofuels campaign, a new biogas plant in Devon and an equestrian business update. | ||
| 650 | _aBIOFUELS | ||
| 650 | _aBIOGAS | ||
| 650 | _aDEVON | ||
| 650 | _aEQUESTRIAN MARKET | ||
| 650 | _aFARM DIVERSIFICATION | ||
| 650 | _aGOLF RANGES | ||
| 650 | _aSCOTLAND | ||
| 690 | _aRURAL PRACTICE | ||
| 942 | _n0 | ||
| 948 | _c24/02/1999 | ||
| 999 |
_c58134 _d58134 |
||